Le mouvement ouvrier áa Paris pendant la Révolution française (1789-1791) / (Record no. 83908)

MARC details
000 -LEADER
campo de control de longitud fija 00662nam a2200205 i 4500
001 - NÚMERO DE CONTROL
campo de control 83908
003 - IDENTIFICADOR DE NÚMERO DE CONTROL
campo de control ES-MaACL
005 - FECHA Y HORA DE LA ÚLTIMA TRANSACCIÓN
campo de control 20230906174919.0
007 - CAMPO FIJO DE DESCRIPCIÓN FÍSICA--INFORMACIÓN GENERAL
campo de control de longitud fija t|
008 - DATOS DE LONGITUD FIJA--INFORMACIÓN GENERAL
campo de control de longitud fija 041118s1923 fr ||||1| fre d
100 1# - ENTRADA PRINCIPAL--NOMBRE DE PERSONA
Nombre de persona Jaffé, Grace M.
9 (RLIN) 65912
245 13 - MENCIÓN DEL TÍTULO
Título Le mouvement ouvrier áa Paris pendant la Révolution française (1789-1791) /
Mención de responsabilidad, etc. Grace M. Jaffé.
260 ## - PUBLICACIÓN, DISTRIBUCIÓN, ETC.
Lugar de publicación, distribución, etc. Paris :
Nombre del editor, distribuidor, etc. Félix Alcan,
Fecha de publicación, distribución, etc. [ca. 1923]
300 ## - DESCRIPCIÓN FÍSICA
Extensión 219 p. ;
Dimensiones 23 cm.
490 1# - MENCIÓN DE SERIE
Mención de serie Bibliothèque d'histoire contemporaine
650 ## - PUNTO DE ACCESO ADICIONAL DE MATERIA--TÉRMINO DE MATERIA
Término de materia o nombre geográfico como elemento de entrada Movimiento obrero-
Subdivisión geográfica Francia.
9 (RLIN) 147036
830 0# - PUNTO DE ACCESO ADICIONAL DE SERIE-TÍTULO UNIFORME
Título uniforme Bibliothèque d'histoire contemporaine
9 (RLIN) 180875
852 ## - LOCALIZACIÓN
Ubicación ES-MaACL
Número de control de estantería G-7198
Holdings
Estatus retirado Estado de pérdida Estado de daño No para préstamo Biblioteca de origen Biblioteca actual Ubicación en estantería Fecha de adquisición Fuente de adquisición Total de préstamos Signatura topográfica completa Código de barras Visto por última vez Precio de reemplazo Tipo de ítem Koha
        Biblioteca del Ateneo de Madrid Biblioteca del Ateneo de Madrid Depósito 2 17/01/2008     G-7198 1087691 23/02/2023 23/02/2023 Libro impreso